000 02566cam a2200145 4500500
005 20260222000044.0
041 _afre
042 _adc
100 1 0 _aSauvage, Baptiste
_eauthor
700 1 0 _aHimbaza, Innocent
_eauthor
245 0 0 _aIl porte du fruit en son temps : Hommage à Philippe Lefebvre
260 _bÉditions du Cerf,
_c2024.
520 _aQui n’a pas été fasciné par l’exégèse de Philippe Lefebvre ? Ses ouvrages, pleins d’esprit et de vie, donnent envie de méditer la Bible, de plonger dans cette immense forêt des Écritures qu’il nous ouvre en devancier. Mais la pensée originale de Philippe Lefebvre ne sort pas de nulle part. Elle est le fruit d’un long travail de maturation, d’étude, de prière, d’enseignement. Comme un arbre planté près des eaux vives de la grâce, Philippe Lefebvre a porté des fruits de vie par sa méditation des paroles bibliques. Méditation qui l’a conduit, bien souvent, à prendre le risque d’une parole qui, par son aspect prophétique, entrait en résonance avec la parole biblique elle même. C’est à ce long travail de fructification, à l’ombre de la Croix parfois, qu’il nous fallait rendre hommage. Voilà chose faite dans cet ouvrage collectif. Pour rendre compte de la pensée si riche de cet exégète fertile en idées nouvelles, des penseurs en tout genre ont été convoqués : exégètes de métier, théologiens, poètes. Il fallait un panel d’approches aussi riche que possible pour faire comprendre la diversité des chemins qu’il emprunte pour rendre compte du mystère des Écritures. Cet ouvrage dirigé par fr . Baptiste Sauvage ocd (assistant-docteur à la chaire d’Ancien Testament, université de Fribourg) et Innocent Himbaza (professeur titulaire d’Ancien Testament, université de Fribourg) est le compte rendu d’un colloque qui a eu lieu les 25 et 26 mai 2023 à l’université de Fribourg, où Philippe Lefebvre enseigne depuis une vingtaine d’années. Ce colloque a réuni des fr ères et collègues de fr . Philippe Lefebvre : fr . John Emery, Innocent Himbaza, James M. Morgan, Anne-Marie Pelletier, Anne Pénicaud, Marc Rastoin, Mary-Gabrielle Roth-Mouthon, fr . Adrian Schenker, fr . Philippe Verdin et des élèves et doctorants : Albert-Marie Crignon, Jean-François Haas, Débora Kapp, Francisco Martins, Simon Liot de Nortbécourt, Hélène de Saint Aubert, fr . Baptiste Sauvage, Pierre Voélin.
856 4 1 _uhttps://shs.cairn.info/il-porte-du-fruit-en-son-temps--9782204163484?lang=fr&redirect-ssocas=7080
999 _c1662449
_d1662449